| 000 | 01244naa a22003377a 4500 | ||
|---|---|---|---|
| 001 | BR8802999 | ||
| 003 | BR-BrBNA | ||
| 005 | 20240918180018.0 | ||
| 007 | ta | ||
| 008 | 230509b bl.||||| |||| 00| 0 por d | ||
| 040 |
_aBR-BrBNA _bpor _cBiblioteca Nacional de Agricultura |
||
| 041 | _a(Pt) | ||
| 072 |
_aH10 _b1030 _b4030 _b3877 |
||
| 090 | _aH10 BR8802999 | ||
| 100 | 1 | _aBatista, G.C. de | |
| 100 | 1 | _aBoscariol, L.R. | |
| 100 | 1 | _aMaciel, E. | |
| 100 | 1 | _aChiavegato, L.G. | |
| 100 | 1 | _aZambon, S. | |
| 111 | 1 |
_a9. Encontro Nacional de Analistas de Residuos de Pesticidas _cSao Paulo, SP (Brazil) _d27-31 May 1985 |
|
| 245 | 1 | _aDistribuicao de residuos de aldicarb em limao siciliano determinados por cromatografia de gas | |
| 260 | 3 |
_aSao Paulo, SP (Brasil): _c1985. |
|
| 500 | _aRelatorio 9. Encontro Nacional de Analistas de Residuos de Pesticidas Sao Paulo, SP (Brasil): 1985. p. 59-66 (BR8802999-AM)H10 | ||
| 650 | _aLIMAO | ||
| 650 | _aACARO DA FALSA FERRUGEM | ||
| 650 | _aINSETICIDA | ||
| 650 | _aRESIDUO | ||
| 773 | 0 |
_tRelatorio 9. Encontro Nacional de Analistas de Residuos de Pesticidas _wH10 BR8802999 _gSao Paulo, SP (Brasil), 1985. p. 59-66 |
|
| 909 |
_a202404 _bLucia _c55 _dLucia Elande |
||
| 942 |
_cAM _2AGRIS |
||
| 999 |
_c319190 _d319190 |
||